000 00663nam a22001457a 4500
020 _a978-1-4789-4477-5
082 _a823
_bPAT/N
100 _aPATTERSON, JAMES
245 _aNEVER, NEVER
_bCANDICE FOX
260 _aNEW YORK
_bGRAND CENTRAL PUBLISHING
_c2016
300 _a383
520 _aHarry Blue is the top Sex Crimes investigator in her department. But even she didn't see this coming: her own brother arrested for the grisly murders of three beautiful young women. “For her own good,” she's been sent to a desolate location and assigned to a new “partner.” But is he actually meant to be a watchdog?
650 _aNOVEL
_zUNITED STATES
942 _cBK
999 _c3696
_d3696